Computer organization : a top-down approach
| Main Author: | |
|---|---|
| Format: | Book |
| Published: |
New York :
McGraw-Hill ,
1992
|
| Subjects: |
MARC
| LEADER | 00000cam a2200000 7i4500 | ||
|---|---|---|---|
| 001 | 0000007739 | ||
| 002 | 000008309 | ||
| 005 | 20000330.0 | ||
| 020 | |a 0071128166 | ||
| 090 | 0 | 0 | |a 004 |b SCR |
| 100 | 1 | |a Scragg, Greg W | |
| 245 | 1 | 0 | |a Computer organization : |b a top-down approach |c GregW.Scragg |
| 260 | |a New York : |b McGraw-Hill , |c 1992 | ||
| 300 | |a 554p. ; |c 23cm. | ||
| 650 | 0 | 0 | |a Computer organization |
| 999 | |a 053078 |b BUKU |c PINJAMAN |e PERPUSTAKAAN KOMUNITI PETALING JAYA | ||